Countries by First Four Letters #2 - Statistics

General Stats
  • This quiz has been taken 87 times
    86 since last reset
  • The average score is 18 of 20
Answer Stats
Letters Country % Correct
AUST Austria | Australia
97%
NIGE Nigeria | Niger
97%
DOMI Dominica | Dominican Republic
96%
INDO Indonesia
96%
SUDA Sudan
96%
ZAMB Zambia
96%
ETHI Ethiopia
95%
INDI India
95%
LIBE Liberia
95%
SOUT South Africa | South Sudan | South Korea
95%
GAMB Gambia
94%
LIBY Libya
94%
MORO Morocco
94%
CAME Cameroon
88%
PHIL Philippines
88%
REPU Republic of the Congo
86%
SOLO Solomon Islands
85%
BURU Burundi
83%
SAIN Saint Lucia | Saint Kitts and Nevis | Saint Vincent and the Grenadines
78%
MARS Marshall Islands
72%
No matching quizzes found
Score Distribution
Percent of People with Each Score
Percentile by Number Answered
Your Score History
You have not taken this quiz since the last reset